logo

Bir Sreshtho Munshi Abdur Rouf Library
Jhenaidah Cadet College

History of British India under the company and the crown / (Record no. 7276)

MARC details
000 -LEADER
fixed length control field 00793cam a2200277 4500
001 - CONTROL NUMBER
JCCL Control Number 7276
003 - CONTROL NUMBER IDENTIFIER
JCCL marc code BD-JhCC
005 - DATE AND TIME OF LATEST TRANSACTION
control field 20180212173518.0
008 - FIXED-LENGTH DATA ELEMENTS--GENERAL INFORMATION
fixed length control field 700729s1952 enka 001 0 eng
035 ## - SYSTEM CONTROL NUMBER
system control number BD-JhCC
035 ## - SYSTEM CONTROL NUMBER
system control number ocm00188963
035 ## - SYSTEM CONTROL NUMBER
system control number (BD-JhCC)7276
035 ## - SYSTEM CONTROL NUMBER
system control number 223096
040 ## - CATALOGING SOURCE
Original cataloging agency DLC
Transcribing agency DLC
Modifying agency UKM
-- OCLCQ
-- CUD
-- BD-JhCC
041 ## - LANGUAGE CODE
Language code of Book eng
050 00 - LIBRARY OF CONGRESS CALL NUMBER
Classification number DS463
Item number .R6 1952
082 #0 - DEWEY DECIMAL CLASSIFICATION NUMBER
Classification number 954.08
Author mark and Year ROB 1952
100 1# - MAIN ENTRY--PERSONAL NAME
Personal name Roberts, P. E.
Fuller form of name (Paul Ernest),
Dates associated with a name 1873-1949.
245 10 - TITLE STATEMENT
Title History of British India under the company and the crown /
Statement of responsibility, etc P. E. Roberts,
250 ## - EDITION STATEMENT
Edition statement 3rd ed.
260 ## - PUBLICATION, DISTRIBUTION, ETC. (IMPRINT)
Place of publication, distribution, etc London,
Name of publisher, distributor, etc Oxford University Press,
Date of publication, distribution, etc 1952.
300 ## - PHYSICAL DESCRIPTION
Pagination 707 p.
Other physical details illus.
Dimensions 19 cm.
651 #0 - SUBJECT ADDED ENTRY--GEOGRAPHIC NAME
Geographic name India
General subdivision History
Chronological subdivision British occupation, 1765-1947.
942 ## - ADDED ENTRY ELEMENTS (KOHA)
Source of classification or shelving scheme Dewey Decimal Classification
Koha item type Books
Holdings
Source of classification or shelving scheme Damaged status Not for loan Home library Current library Shelving location Date of accession Total Checkouts Full call number Barcode Date last seen Copy number Koha item type
Dewey Decimal Classification     JCC Rouf Library JCC Rouf Library General Stacks 02/07/2018   954.08 ROB 1952 9849 02/07/2018 C - 1 Books

JCC Library | Contacts | JCC Home

Last Update on 23 September 2017
Copyright @ 2017-2020 JCC Rouf Library
Rouf Library, Jhenidah Cadet College (JCC), Bangladesh